| 000 -LEADER |
| fixed length control field |
01231cam a2200289 i 4500 |
| 001 - CONTROL NUMBER |
| control field |
20649844 |
| 005 - DATE AND TIME OF LATEST TRANSACTION |
| control field |
20221107171556.0 |
| 008 - FIXED-LENGTH DATA ELEMENTS--GENERAL INFORMATION |
| fixed length control field |
180824u2018 ne b 011 0 eng c |
| 010 ## - LIBRARY OF CONGRESS CONTROL NUMBER |
| LC control number |
2018008150 |
| 020 ## - INTERNATIONAL STANDARD BOOK NUMBER |
| International Standard Book Number |
9789027200686 X |
| 020 ## - INTERNATIONAL STANDARD BOOK NUMBER |
| Canceled/invalid ISBN |
9789027264114 X |
| Qualifying information |
(e-book) |
| 041 ## - LANGUAGE CODE |
| Language code of text/sound track or separate title |
eng |
| 080 ## - UNIVERSAL DECIMAL CLASSIFICATION NUMBER |
| Universal Decimal Classification number |
1(09) V-41 |
| 082 00 - DEWEY DECIMAL CLASSIFICATION NUMBER |
| Classification number |
190 |
| Edition number |
23 |
| 245 00 - TITLE STATEMENT |
| Title |
Veritas et subtilitas : |
| Remainder of title |
truth and subtlety in the history of philosophy : essays in memory of Burkhard Mojsisch (1944-2015) / |
| Statement of responsibility, etc. |
edited by Tengiz Iremadze, Udo Reinhold Jeck. |
| 264 #1 - PRODUCTION, PUBLICATION, DISTRIBUTION, MANUFACTURE, AND COPYRIGHT NOTICE |
| Place of production, publication, distribution, manufacture |
Amsterdam ; |
| -- |
Philadelphia : |
| Name of producer, publisher, distributor, manufacturer |
John Benjamins Publishing Company, |
| Date of production, publication, distribution, manufacture, or copyright notice |
[2018] |
| 300 ## - PHYSICAL DESCRIPTION |
| Extent |
ix, 482 pages ; |
| Dimensions |
25 cm. |
| 546 ## - LANGUAGE NOTE |
| Language note |
In English, French, and German. |
| 650 #0 - SUBJECT ADDED ENTRY--TOPICAL TERM |
| Topical term or geographic name entry element |
Philosophy |
| General subdivision |
History. |
| 9 (RLIN) |
8654 |
| 653 ## - INDEX TERM--UNCONTROLLED |
| keyword |
ფილოსოფია |
| 653 ## - INDEX TERM--UNCONTROLLED |
| keyword |
ფილოსოფიის ისტორია |
| 700 1# - ADDED ENTRY--PERSONAL NAME |
| Personal name |
Mojsisch, Burkhard, |
| Relator term |
honouree. |
| 9 (RLIN) |
8655 |
| 700 1# - ADDED ENTRY--PERSONAL NAME |
| Personal name |
Iremadze, Tengiz, |
| Relator term |
რედაქტორი |
| 9 (RLIN) |
6933 |
| 700 1# - ADDED ENTRY--PERSONAL NAME |
| Personal name |
Jeck, Udo Reinhold, |
| Relator term |
რედაქტორი |
| 9 (RLIN) |
8656 |
| 776 08 - ADDITIONAL PHYSICAL FORM ENTRY |
| Relationship information |
Online version: |
| Title |
Veritas et subtilitas |
| Place, publisher, and date of publication |
Amsterdam ; Philadelphia : John Benjamins Publishing Company, [2018] |
| International Standard Book Number |
9789027264114 |
| Record control number |
(DLC) 2018042115 |
| 942 ## - ADDED ENTRY ELEMENTS (KOHA) |
| Source of classification or shelving scheme |
|
| Koha item type |
წიგნი |